00735nam a2200217Ii 45000010005000000030009000050080041000140400033000550410008000880820018000961000019001142450024001332640055001573000012002123360026002243370028002503380027002789400050003059990017003559520145003722620CO-ViMGA241108s9999||||xx |||||||||||||| ||und|| aCO-ViMGAbspaerdacCO-ViMGA0 aspa04aFA 874 - H67o1 aHoracio94791010aLas odas de Horacio 1aBogotá, Colombia : Instituto Caro y Cuervo, 1950 avolumen atextbtxt2rdacontent aunmediatedbn2rdamedia avolumebnc2rdacarrier aidficha_siabuc: 2563. -- ficha_no_siabuc:2620 c42546d42546 001040708FDArangoaMEVIGERRbMEVIGERRcLOCALd2006-09-26oFA 874 - H67opECA17304r2024-11-26 09:06:31tEj.1w2024-11-26yBKz2563 | 3102